| 000 | 00381 a2200097 4500 | ||
|---|---|---|---|
| 082 | _a343.7309422 HEN | ||
| 100 | _aHensing, Mr. David J. | ||
| 245 |
_aRoad Safety Hardware Asset Management Systems Case Studies/ _cMr. David J. Hensing, Dr. Shahed Rowshan |
||
| 260 |
_aMclean : _bDepartment of Transportation Federal Highway Administration, _c2005 |
||
| 300 |
_avii, 84p. : _bill. ; _c30 cm |
||
| 650 | _aRoadway Safety | ||
| 999 |
_c2136 _d2136 |
||